Simple geological structures: (Record no. 544599)
[ view plain ]
| 000 -LEADER | |
|---|---|
| fixed length control field | 00583nam a2200157u 4500 |
| 082 ## - DEWEY DECIMAL CLASSIFICATION NUMBER | |
| Classification number | 551.1 |
| Author Mark | PLA |
| -- | L-15, P-33 |
| 100 1# - MAIN ENTRY--PERSONAL NAME | |
| Personal name | Platt, John Isaac. [from old catalog] |
| 9 (RLIN) | 40266 |
| 245 00 - TITLE STATEMENT | |
| Title | Simple geological structures: |
| Remainder of title | a series of notes and map exercises, |
| 260 ## - PUBLICATION, DISTRIBUTION, ETC. | |
| Place of publication, distribution, etc. | London, |
| Name of publisher, distributor, etc. | T. Murphy & co.: New York, D. Van Nostrand co., |
| Date of publication, distribution, etc. | 1930. |
| 300 ## - PHYSICAL DESCRIPTION | |
| Extent | 56 p. |
| Other physical details | illus., diagrs. |
| Dimensions | 25 cm. |
| 526 ## - STUDY PROGRAM INFORMATION NOTE | |
| Program name | 0 |
| Interest level | 0 |
| Reading level | 0 |
| Title point value | 551_100000000000000_PLA |
| 650 #0 - SUBJECT ADDED ENTRY--TOPICAL TERM | |
| Topical term or geographic name entry element | Geology |
| General subdivision | Maps. [from old catalog] |
| 9 (RLIN) | 40267 |
| 650 #0 - SUBJECT ADDED ENTRY--TOPICAL TERM | |
| Topical term or geographic name entry element | MCE |
| 9 (RLIN) | 379 |
| 700 1# - ADDED ENTRY--PERSONAL NAME | |
| Personal name | Challinor, John. [from old catalog] |
| 9 (RLIN) | 40268 |
| 942 ## - ADDED ENTRY ELEMENTS (KOHA) | |
| Source of classification or shelving scheme | |
| Koha item type | Book |
| Withdrawn status | Lost status | Source of classification or shelving scheme | Damaged status | Not for loan | Permanent Location | Current Location | Date acquired | Total Checkouts | Full call number | Barcode | Date last seen | Date last checked out | Price effective from | Koha item type |
|---|---|---|---|---|---|---|---|---|---|---|---|---|---|---|
| Military College of Engineering (MCE) | Military College of Engineering (MCE) | 05/08/2014 | 1 | 551.1 PLA | MCE-5192 | 05/09/2014 | 05/09/2014 | 05/08/2014 | Book |
